Tarikh-e-Adab-e-Engrazi / (Record no. 523864)

000 -LEADER
fixed length control field 00493nam a22001697a 4500
003 - CONTROL NUMBER IDENTIFIER
control field NUST
038 ## - RECORD CONTENT LICENSOR
Staff Name waseem
082 ## - DEWEY DECIMAL CLASSIFICATION NUMBER
Classification number 820.9
Author Mark FAR
100 ## - MAIN ENTRY--PERSONAL NAME
Personal name Farooqi, Muhammad Ahsan
9 (RLIN) 14682
245 ## - TITLE STATEMENT
Title Tarikh-e-Adab-e-Engrazi /
Statement of responsibility, etc. Muhammad Ahsan Farooqi
260 ## - PUBLICATION, DISTRIBUTION, ETC.
Place of publication, distribution, etc. Islamabad :
Name of publisher, distributor, etc. Muqtidara Qumi Zuban,
Date of publication, distribution, etc. 1996.
300 ## - PHYSICAL DESCRIPTION
Extent 616 p. ;
500 ## - GENERAL NOTE
General note Paperback.
880 ## - ALTERNATE GRAPHIC REPRESENTATION
Linkage 100-02\r
Title محمد احسن فاروقی
880 ## - ALTERNATE GRAPHIC REPRESENTATION
Linkage 245-02\r
Title تاریخِ ادبِ انگریزی /
942 ## - ADDED ENTRY ELEMENTS (KOHA)
Source of classification or shelving scheme
Koha item type Book
Holdings
Withdrawn status Lost status Source of classification or shelving scheme Damaged status Not for loan Permanent Location Current Location Date acquired Total Checkouts Full call number Barcode Date last seen Price effective from Koha item type
          Central Library (CL) Central Library (CL) 05/31/2019   820.9 FAR CL-E-1893 05/31/2019 05/31/2019 Book
© 2023 Central Library, National University of Sciences and Technology. All Rights Reserved.